Οι τεχνολογίες της πληροφορίας και επικοινωνίας στην εκπαίδευση : μεταπτυχιακή διατριβή
Αποθηκεύτηκε σε:
| Κύριος συγγραφέας: | |
|---|---|
| Συγγραφή απο Οργανισμό/Αρχή: | |
| Άλλοι συγγραφείς: | |
| Μορφή: | Thesis Βιβλίο |
| Γλώσσα: | Greek |
| Δημοσίευση: |
Ρόδος :
Πανεπιστήμιο Αιγαίου, Τμήμα Επιστημών της Προσχολικής Αγωγής και του Εκπαιδευτικού Σχεδιασμού,
2007.
|
| Θέματα: | |
| Διαθέσιμο Online: | http://hdl.handle.net/11610/13950 |
| Ετικέτες: |
Προσθήκη ετικέτας
Δεν υπάρχουν, Καταχωρήστε ετικέτα πρώτοι!
|
MARC
| LEADER | 00000cam a2200000 i 4500 | ||
|---|---|---|---|
| 001 | 1/48246 | ||
| 008 | 070716s2007 gre d | ||
| 035 | |l 10088863 | ||
| 040 | |a GR-MY-UA |b gre |e aacr | ||
| 041 | 0 | |a gre | |
| 082 | 7 | |a 371.35 |2 (22) | |
| 100 | 1 | |a Παυλής, Ελευθέριος. | |
| 245 | 1 | 3 | |a Οι τεχνολογίες της πληροφορίας και επικοινωνίας στην εκπαίδευση : |b μεταπτυχιακή διατριβή / |c Παυλής Ελευθέριος ; επιβλέπων καθηγητής: Ράπτης Αριστοτέλης. |
| 260 | |a Ρόδος : |b Πανεπιστήμιο Αιγαίου, Τμήμα Επιστημών της Προσχολικής Αγωγής και του Εκπαιδευτικού Σχεδιασμού, |c 2007. | ||
| 300 | |a 80 σ. ; |c 30 εκ. | ||
| 500 | |a Περιορισμένης πρόσβασης. | ||
| 502 | |a Διατριβή (μεταπτυχιακή) – Πανεπιστήμιο Αιγαίου, Ρόδος, 2007. | ||
| 504 | |a Βιβλιογραφία: σ. 78-80. | ||
| 610 | 2 | 0 | |a University of the Aegean |x Dissertations. |
| 650 | 0 | 0 | |a Education |x Effect of technological innovations on. |
| 650 | 0 | 0 | |a Gender identity in education. |
| 650 | 0 | 0 | |a Education |x Evaluation. |
| 650 | 0 | 0 | |a Distance education. |
| 650 | 0 | 0 | |a Dissertations, Academic |z Greece. |
| 700 | 1 | |a Ρούσσος, Πέτρος Λ. |4 ths | |
| 710 | 2 | |a Πανεπιστήμιο Αιγαίου |b Σχολή Ανθρωπιστικών Σπουδών |b Τμήμα Επιστημών Προσχολικής Αγωγής και Εκπαιδευτικού Σχεδιασμού. | |
| 852 | |a INST |b RHODES |c DIATR |e 20070716 |h 371.35 ΠΑΥ |p 005400026314 |q 005400026314 |t MTXE |y 23 | ||
| 852 | |a INST |b RHODES |c DIATR |e 20070716 |h 371.35 ΠΑΥ |p 005400026315 |q 005400026315 |t MTXE |y 23 | ||
| 856 | |u http://hdl.handle.net/11610/13950 | ||
| 901 | |a BIBL4-2007-2 | ||
| 909 | |a Ρ |b 128052 | ||
| 909 | |a Ρ |b 128053 | ||
| 924 | |a ΠΑΥΛΗΣ |b ΕΛΕΥΘΕΡΙΟΣ |y Ρόδος |z 2007-07 | ||
| 970 | |a ΜΙΣΣΟΣ |b ΣΤΑΥΡΟΣ |z 2007/07/16 | ||